000 00368nam a2200133Ia 4500
008 151001s9999||||xx |||||||||||||| ||und||
100 _aवा शि आपटे
245 _aही प्रीत जगावेगळी
250 _a1
260 _bश्रीराम प्रकाशन पुणे
260 _c1975
300 _a162
365 _b19
999 _c959074
_d959071